| 000 | 00402nam a22001697a 4500 | ||
|---|---|---|---|
| 005 | 20231024104444.0 | ||
| 008 | 231013b |||||||| |||| 00| 0 eng d | ||
| 082 |
_a297 _bSHA |
||
| 100 | _aGhulam Shabbir | ||
| 245 | _aIslamiyat | ||
| 260 |
_aPakistan _bSingola Publishers _c2008 |
||
| 300 | _a375 | ||
| 500 | _aGlossary is given. | ||
| 650 | _aLiterature | ||
| 700 | _aGhulam Shabbir | ||
| 999 |
_c33888 _d33888 |
||